Online Catalogue and eLibrary

Beyond positivism : (Record no. 2566)

MARC details
000 -LEADER
fixed length control field 00445nam a2200157Ia 4500
005 - DATE AND TIME OF LATEST TRANSACTION
control field 20240405030701.0
008 - FIXED-LENGTH DATA ELEMENTS--GENERAL INFORMATION
fixed length control field 240331s9999 xx 000 0 und d
020 ## - INTERNATIONAL STANDARD BOOK NUMBER
ISBN 0415109116
082 ## - DDC Classification
Item Number - Author Mark CAL
Class No. 330.01
100 ## - MAIN ENTRY--PERSONAL NAME
Personal name Caldwell, Bruce .J
245 #0 - TITLE STATEMENT
Title Beyond positivism :
Remainder of title economic metodology in the twentieth century
Statement of responsibility, etc. Brue j. Caldwell
260 ## - PUBLICATION, DISTRIBUTION, ETC.
Place of publication, distribution, etc. London :
Name of publisher, distributor, etc. Routledge /
Date of publication, distribution, etc. 1994.
300 ## - PHYSICAL DESCRIPTION
Extent (e.g. Volumes, Pages etc.) xviii, 279 p .,
650 ## - SUBJECT ADDED ENTRY--TOPICAL TERM
Topical term or geographic name entry element Economic
942 ## - Koha item type (Biblio)
Koha item type Books in Stacks (Lending)
Holdings
Lost status Damaged status Collection code Home library Current library Shelving location Date acquired Full call number Accession Number Item type
    Lending WERC Library WERC Library Social Science Cupboard 03/31/2024 330.01 CAL 3962 Books in Stacks (Lending)

© WERC Library